000 00343 a2200109 4500
001 ART_42686
005 20260410162006.0
008 260409a
245 1 0 _aEl derecho a la intimidad de las personas mediáticas
100 1 _aLencina, Marcelo A.
773 0 _tTemas de derecho civil
_g- Año 3, Nº 7 (jul. 2017)
_wREV34778
999 _c31695
_d31695